00640nam a2200205 a 45000010005000000030009000050080041000140400028000550820017000831000027001002450052001272600061001793000010002404900045002506500020002956500032003156500034003476500026003816500027004079790CO-ViMGA141112s2004 ck r 000 u spa d aCO-ViMGAbspacCO-ViMGA04a324.86 C651s1 aEastman, Jorge Mario, 10aLegislación Electoral / cJorge Mario Eastman aSantafé de Bogotá : bMinisterio de Gobierno, c1982 a144p. aLegislación, Doctrina y Jurisprudencia14aCORTE ELECTORAL14aDEL ORDEN EN LAS VOTACIONES14aDEL PROCESO DE LAS VOTACIONES14aLEY NUMERO 28 DE 197914aORGANIZACION ELECTORAL